000 00690nam a22002177a 4500
003 UA-OsUOA
001 73629
007 ta
008 20110314b un ||||| |||| 00| 0 ukr d
100 _aПабат О.В.
090 _a330(477)
_bП12
942 _cSA
040 _aUA-OsUOA
_bukr
_cUA-OsUOA
_dUA-OsUOA
245 _aМіжнародний трансфер технологій та економічна безпека держави: економіко-правові аспекти
300 _aС.133-137
955 _a0
041 _aukr
080 _a330(477)
773 0 _w73602
_tЕкономіка АПК
_dК.
_d2011
_g3
650 7 _a330 Економіка взагалі
_2UDC
999 _c359920
_d359920